000 00552nam a2200181Ia 4500
005 20250508162521.0
008 008 250505s9999 xx 000 0 eng d
037 _aTextual
040 _aFEDL
_beng
_cFEDL
041 _aeng
_2eng
084 _a501, RIE
_qFEDL
100 _aRiepe Dale
245 0 _aObjectivity and subjectivism in the philosophy of science with special reference to India
260 _aCalcutta, India
_bK P Bagchi and Company
_c1986
300 _axiv,231p
942 _cTEXL
_h501, RIE
999 _c1377035
_d1377035